ბათუმის შოთა რუსთაველის სახელმწიფო უნივერსიტეტის ბიბლიოთეკა

Нефтегазопромысловая геология и подсчет запасов нефти и газа. (ბიბ.ჩანაწერი № 37299)

000 -LEADER
fixed length control field 00666nam a2200205Ia 4500
001 - CONTROL NUMBER
control field 3258
003 - CONTROL NUMBER IDENTIFIER
control field GE_BSU
008 - FIXED-LENGTH DATA ELEMENTS--GENERAL INFORMATION
fixed length control field 181216s||||||||xx |||||||||||||| ||und||
040 ## - CATALOGING SOURCE
Transcribing agency GE_BSU
080 ## - UNIVERSAL DECIMAL CLASSIFICATION NUMBER
Universal Decimal Classification number 662.5/.7(075.8)+550.8(075.8)
100 ## - MAIN ENTRY--PERSONAL NAME
Personal name Жданов,M.A.
245 ## - TITLE STATEMENT
Title Нефтегазопромысловая геология и подсчет запасов нефти и газа.
245 ## - TITLE STATEMENT
Remainder of title Учебник.
260 ## - PUBLICATION, DISTRIBUTION, ETC.
Place of publication, distribution, etc. М.
260 ## - PUBLICATION, DISTRIBUTION, ETC.
Name of publisher, distributor, etc. Недра.
260 ## - PUBLICATION, DISTRIBUTION, ETC.
Date of publication, distribution, etc. 1970.
300 ## - PHYSICAL DESCRIPTION
Extent 488 стр. 20 см.
653 ## - INDEX TERM--UNCONTROLLED
Uncontrolled term Нефтегазопромысловая геология и подсчет запасов нефти и газа.
942 ## - ADDED ENTRY ELEMENTS (KOHA)
Koha item type წიგნი
ეგზემპლარები
Withdrawn status Lost status Damaged status Not for loan Date acquired Barcode Date last seen Price effective from Koha item type Public note
        2018-12-17 9808 2018-12-17 2018-12-17 წიგნი დარბაზი